000 00546nam a2200157 i 4500
001 47325
003 ES-MaACL
005 20230906161537.0
007 t|
008 030407s1860 sp ||||1| spa d
100 1 _aCoquand, M. H.
_940427
245 1 0 _aDescripción geológica de la parte septentrional del Imperio de Marruecos /
_cM. H. Coquand ; traducido al castellano por Juan Pablo Lasala.
260 _aMadrid :
_b[s.n.,
_c1860] (
_fImp. de la Viuda de Antonio Yepes)
700 1 _aLasala, Juan Pablo.
_970405
852 _aES-MaACL
_j1490-F-20
999 _c47325
_d47325